50 Largest Countries on the Clickable Empty Blue World Map Quiz - Statistics

General Stats
  • This quiz has been taken 8,041 times
  • The average score is 29 of 50
Answers on the Map
Answers color-coded by a green-red scale on the quiz's map according to % correct below.
 
Answer Stats
Answer % Correct
Russia
75%
Canada
73%
United States
70%
Mexico
69%
Brazil
67%
Australia
66%
Mongolia
66%
Argentina
65%
China
65%
Kazakhstan
64%
India
63%
S. Africa
62%
Algeria
61%
Bolivia
61%
Chile
61%
Indonesia
61%
Ukraine
61%
Afghanistan
60%
France
59%
Pakistan
59%
Turkey
59%
Venezuela
59%
Colombia
58%
Madagascar
58%
Peru
58%
S. Sudan
58%
Chad
57%
Iran
57%
Myanmar
57%
Thailand
57%
C. African Rep.
56%
D.R. Congo
56%
Kenya
56%
Saudi Arabia
56%
Tanzania
56%
Yemen
56%
Angola
55%
Egypt
55%
Mali
55%
Nigeria
55%
Zambia
55%
Mozambique
54%
Botswana
53%
Ethiopia
53%
Somalia
53%
Sudan
52%
Mauritania
51%
Namibia
51%
Libya
50%
Niger
50%
No matching quizzes found
Score Distribution
Percent of People with Each Score
Percentile by Number Answered
Your Score History
You have not taken this quiz